Loading...

Tourism the Business of travel

Bibliographic Details
Main Authors: Cook, Roy A, Marqua, Joseph J, Yale, Laura J
Format: Printed Book
Published: Delhi, Pearson Education 2010
Edition:3
LEADER 004710000a22001570004500
082 |a 910 COO 
100 |a Cook, Roy A  |9 153090 
100 |a Marqua, Joseph J  |9 44330 
100 |a Yale, Laura J  |9 7597 
245 |a Tourism the Business of travel 
250 |a 3 
260 |a Delhi, Pearson Education 
260 |c 2010 
942 |c BK 
999 |c 181591  |d 181587 
952 |0 0  |1 0  |4 0  |6 910_000000000000000_COO  |7 0  |9 180257  |a SES  |b SES  |d 2019-05-17  |l 0  |o 910 COO  |p SES04807  |r 2019-05-17  |w 2019-05-17  |y BK